SASUKE 2ndステージ 全エリア - Statistics

General Stats
  • This quiz has been taken 85 times
  • The average score is 23 of 31
Answer Stats
Hint Answer % Correct
第18回〜第24回 サーモンラダー
100%
第28回〜 バックストリーム
97%
第1回〜第17回 第28回〜 スパイダーウォーク
95%
第1回〜第17回 第19回〜第27回 第30回〜 ウォールリフティング
92%
第37回〜 ローリングログ
91%
第31回〜 サーモンラダー上り
89%
第31回〜 サーモンラダー下り
89%
第30回〜 スパイダードロップ
88%
第32回〜 リバースコンベアー
86%
第14回〜第27回 メタルスピン
85%
第23回〜第30回 アンステーブルブリッジ
85%
第1回〜第13回 逆走コンベア
80%
第10回〜第15回 第17回 第24回〜第27回 バランスタンク
78%
第25回〜第27回 ダブルサーモンラダー
78%
第19回 スカイウォーク
77%
第1回〜第9回 五連ハンマー
75%
第6回 ナロー
75%
第28回〜第30回 スワップサーモンラダー
75%
第7回〜第17回 チェーンリアクション
74%
第28回〜第29回 パッシングウォール
69%
第5回 タックルマシン
66%
第33回〜第36回 リングスライダー
65%
第7回〜第17回 ブリッククライム
63%
第18回〜第23回 スティックスライダー
63%
第28回〜第32回 クロススライダー
58%
第18回 ショルダーウォーク
57%
第18回〜第24回 ダウンヒルジャンプ
55%
第18回 ネットブリッジ
55%
第16回 デルタブリッジ
54%
第20回〜第22回 スイングラダー
48%
第25回〜第27回 スライダードロップ
48%
No matching quizzes found
Score Distribution
Percent of People with Each Score
Percentile by Number Answered
Your Score History
You have not taken this quiz